Matemática 7
Uloženo v:
| Hlavní autoři: | , |
|---|---|
| Médium: | Kniha |
| Jazyk: | španělština |
| Vydáno: |
Santiago
Santillana
1987
|
| Vydání: | 4a. ed |
| Témata: | |
| Tagy: |
Přidat tag
Žádné tagy, Buďte první, kdo vytvoří štítek k tomuto záznamu!
|
MARC
| LEADER | 00000nam a2200000 a 4500 | ||
|---|---|---|---|
| 001 | UCW3479 | ||
| 003 | CL-VaPUC | ||
| 008 | 880926e19870000CL |||||||||||||||||spa|d | ||
| 082 | 0 | 4 | |a 372.7 |b LIL |2 21 |
| 100 | |a Lillo Troncoso, María Ludovisa |e autora |9 350939 | ||
| 700 | |a Heras Karl, Rodrigo E. de las |e author |9 541891 | ||
| 245 | 1 | 0 | |a Matemática 7 |
| 250 | |a 4a. ed | ||
| 300 | |a 176 p | ||
| 942 | |c BK | ||
| 945 | |d 19880926 00:00:00 | ||
| 260 | |a Santiago |b Santillana |c 1987 | ||
| 500 | |a Contiene en forma separada guía didáctica para el profesor | ||
| 650 | 0 | |a Matemática |9 260235 | |
| 650 | 0 | |a Educación básica |9 224933 | |
| 583 | |a last modification |c 19880926 00:00:00 |k Rodrigo Vera | ||
| 999 | |c 217458 |d 217456 | ||
| 952 | |0 0 |1 0 |4 0 |6 372_700000000000000_LIL_1987 |7 0 |8 P |9 205076 |a BIBEDU |b BIBEDU |c BIBEDU_PB |d 2019-11-15 |i 2730294 |o 372.7 LIL 1987 |p 2730294 |r 2024-01-25 |w 2019-11-15 |y BK |k EDU | ||
| 952 | |0 0 |1 0 |4 0 |6 372_700000000000000_LIL_1987 |7 0 |8 P |9 205079 |a BIBEDU |b BIBEDU |c BIBEDU_PB |d 2019-11-15 |i 2730324 |o 372.7 LIL 1987 |p 2730324 |r 2024-01-25 |w 2019-11-15 |y BK |k EDU | ||